00445nam a2200145Ia 4500008004100000041000900041082001700050100003100067245003100098260004300129300000800172650000800180999001700188952009400205230718s9999 xx 000 0 und d aEng. a34404bIND-M aIndusiuial reation ardamal 0aMajor Labour Laws 100 plus aPakistanbManzoor Law book housec2011 a623 aLaw c28083d28083 00104070aSIRC-LbSIRC-Ld2023-07-18l0o34404 IND-Mp23035r2023-07-18w2023-07-18yBK